All Major Australian Sports Teams - Statistics

General Stats
  • This quiz has been taken 19 times
  • The average score is 25 of 65
Answer Stats
League Home Ground Answer % Correct
BBL Optus Stadium Perth Scorchers
73%
AFL The Gabba Brisbane Lions
67%
BBL Sydney Cricket Ground Sydney Sixers
67%
BBL Sydney Showground Stadium Sydney Thunder
67%
AFL Adelaide Oval Adelaide Crows
60%
BBL Adelaide Oval Adelaide Strikers
60%
NRL Suncorp Stadium Brisbane Broncos
60%
BBL The Gabba Brisbane Heat
60%
AFL Metricon Stadium Gold Coast Suns
53%
AFL Melbourne Cricket Grounds Melbourne Demons
53%
BBL Marvel Stadium Melbourne Renegades
53%
BBL Melbourne Cricket Ground Melbourne Stars
53%
NRL AAMI Park Melbourne Storm
53%
AFL Sydney Cricket Ground Sydney Swans
53%
AFL Marvel Stadium Carlton Blues
47%
AFL Melbourne Cricket Ground Collingwood Magpies
47%
AFL Marvel Stadium Essendon Bombers
47%
AFL Kardinia Park Geelong Cats
47%
AFL Sydney Showground Stadium Greater Western Sydney Giants
47%
BBL Blundstone Arena Hobart Hurricanes
47%
AFL Marvel Stadium Western Bulldogs
47%
ALM Suncorp StadiumMoreton Daily Stadium Brisbane Roar
40%
NRL GIO Stadium Canberra Raiders
40%
ALM Central Coast Stadium Central Coast Mariners
40%
AFL Melbourne Cricket Ground Hawthorn Hawks
40%
ALM AAMI Park Melbourne City
40%
ALM AAMI Park Melbourne Victory
40%
ALM McDonald Jones Stadium Newcastle Jets
40%
NRL McDonald Jones Stadium Newcastle Knights
40%
AFL Marvel Stadium North Melbourne Kangaroos
40%
NRL Queensland Country Bank Stadium North Queensland Cowboys
40%
ALM HBF Park Perth Glory
40%
AFL Adelaide Ovals Port Adelaide Power
40%
AFL Melbourne Cricket Ground Richmond Tigers
40%
AFL Marvel Stadium St Kilda Saints
40%
AFL Optus Stadium West Coast Eagles
40%
ALM CommBank Stadium Western Sydney Wanderers
40%
ALM Coopers Stadium Adelaide United
33%
NRL PointsBet Stadium Cronulla-Sutherland Sharks
33%
NBL John Cain Arena Melbourne United
33%
NRL CommBank Stadium Parramatta Eels
33%
NRL Bluebet Stadium Penrith Panthers
33%
ALM Allianz Stadium Sydney FC
33%
NBL MyState Bank ArenaSilverdome Tasmania JackJumpers
33%
NBL Adelaide Entertainment Centre Adelaide 36ers
27%
NBL Cairns Convention Centre Cairns Taipans
27%
NRL Accor StadiumCommBank Stadium Belmore Sports Ground Canterbury-Bankstown Bulldogs
27%
NRL Cbus Super Stadium Gold Coast Titans
27%
NBL RAC Arena Perth Wildcats
27%
NRL Accor Stadium South Sydney Rabbitohs
27%
NRL Netstrata Jubilee OvalWIN Stadium St George Illawarra Dragons
27%
NRL Sydney Cricket GroundAllianz Stadium Sydney Roosters
27%
ALM GMHBA Stadium
Mars Stadium
AAMI Park
Western United
27%
NRL CommBank StadiumLeichardt Oval Campbelltown Stadium Wests Tigers
27%
NBL Nissan Arena Brisbane Bullets
20%
AFL Optus Stadium Freemantle Dockers
20%
NBL WIN Entertainment Centre Illawarra Hawks
20%
ALM Campbelltown Stadium Macarthur FC
20%
NRL 4 Pines Park Manly Warringah Sea Eagles
20%
NRL Mount Smart Stadium New Zealand Warriors
20%
NBL Qudos Bank Arena Sydney Kings
20%
NRL Moreton Daily Stadium Dolphins
13%
NBL Spark Arena New Zealand Breakers
13%
ALM Sky Stadium Wellington Phoenix
13%
NBL John Cain Arena State Basketball Centre South East Melbourne Phoenix
7%
No matching quizzes found
Score Distribution
Percent of People with Each Score
Percentile by Number Answered
Your Score History
You have not taken this quiz